000 00481nam a2200181Ia 4500
001 18174
005 20260306171611.0
008 260306s9999||||xx |||||||||||||| ||und||
041 _aESP
082 _a658.4012
_bP78E
100 _aPorter, Michael E.
_eAUT
245 0 _aEstrategia competitiva:
_btécnicas para el análisis de los sectores industriales y de la competencia
260 _c1996
300 _a
_c
650 _aGEN
654 _aCAN
942 _cLIB
_dJUS
_fJUS
_2ddc
_n
999 _c18174
_d18174